000 00589nam a2200229Ia 4500
003 OSt
005 20220918175344.0
006 a|||||r|||| 00| 0
007 ta
008 220917b |||||||| |||| 00| 0 eng d
024 _a16,728
037 _cTextual
040 _aARTS
_cARTS
_beng
041 _2eng
_aeng
082 _aO:1L72w, J4
100 _aCarpenter Maurice
_953652
245 0 _aDivine comedy of Samuel Taylor Coleridge
260 _c1954
650 _aENGLISH LITERATURE
942 _hO:1L72w, J4
_cTEXL
_2CC
999 _c157104
_d157104